|
|
|
|
| LEADER |
01636cas a2200253 a 4500 |
| 001 |
AALejournalIMF004852 |
| 008 |
230101c9999 xx r poo 0 0eng d |
| 020 |
|
|
|c 5.00 USD
|
| 020 |
|
|
|z 9781451866643
|
| 022 |
|
|
|a 1018-5941
|
| 040 |
|
|
|a BD-DhAAL
|c BD-DhAAL
|
| 100 |
1 |
|
|a Newhouse, David Locke.
|
| 245 |
1 |
0 |
|a Health Aid and Infant Mortality /
|c David Locke Newhouse, Prachi Mishra.
|
| 264 |
|
1 |
|a Washington, D.C. :
|b International Monetary Fund,
|c 2007.
|
| 300 |
|
|
|a 1 online resource (40 pages)
|
| 490 |
1 |
|
|a IMF Working Papers
|
| 500 |
|
|
|a <strong>Off-Campus Access:</strong> No User ID or Password Required
|
| 500 |
|
|
|a <strong>On-Campus Access:</strong> No User ID or Password Required
|
| 506 |
|
|
|a Electronic access restricted to authorized BRAC University faculty, staff and students
|
| 520 |
3 |
|
|a This paper examines the relationship between health aid and infant mortality, using data from 118 countries between 1973 and 2004. Health aid has a statistically significant effect on infant mortality: doubling per capita health aid is associated with a 2 percent reduction in the infant mortality rate. For the average country, this implies that increasing per capita health aid by USD 1.60 per year is associated with 1.5 fewer infant deaths per thousand births. The estimated effect is small, relative to the targets envisioned by the Millennium Development Goals.
|
| 538 |
|
|
|a Mode of access: Internet
|
| 700 |
1 |
|
|a Mishra, Prachi.
|
| 830 |
|
0 |
|a IMF Working Papers; Working Paper ;
|v No. 2007/100
|
| 856 |
4 |
0 |
|z Full text available on IMF
|u http://elibrary.imf.org/view/journals/001/2007/100/001.2007.issue-100-en.xml
|z IMF e-Library
|